Statistics for Least Alcohol Deaths Per Capita

Click here to take the quiz!

General Stats

  • This quiz has been taken 45 times
  • The average score is 14 of 25

Answer Stats

#RateAnswer% Correct
20.16Iran
89%
160.31Iraq
89%
80.24Egypt
86%
40.19Morocco
86%
120.26Algeria
84%
130.27Oman
84%
230.36Saudi Arabia
84%
190.34Kuwait
80%
110.26Japan
77%
90.25Tunisia
75%
100.25Syria
73%
140.29Turkey
70%
200.34Jordan
68%
170.32Lebanon
64%
70.22Maldives
57%
50.20Brunei
50%
10.15Singapore
48%
180.33Italy
27%
30.18Fiji
25%
210.35Vanuatu
20%
150.30Jamaica
18%
240.36Solomon Islands
18%
60.21Greece
16%
220.35Samoa
14%
250.37Venezuela
11%

Score Distribution

Percentile by Number Answered

Percent of People with Each Score

Your Score History

You have not taken this quiz